UM Logo

Using simple interactions to improve pedagogy in a cross-aged leadership program / (Record no. 21217)

MARC details
000 -LEADER
fixed length control field 00925nam a22002057a 4500
005 - DATE AND TIME OF LATEST TRANSACTION
control field 20250827155142.0
008 - FIXED-LENGTH DATA ELEMENTS--GENERAL INFORMATION
fixed length control field 240903b ||||| |||| 00| 0 eng d
082 ## - DEWEY DECIMAL CLASSIFICATION NUMBER
Classification number DPer 796.07 J826 July-October 2019 January-April 2020 v. 38, 39 n. 3-4, 1-2
100 ## - MAIN ENTRY--PERSONAL NAME
Personal name Hemphill, Micheal A.
Relator term author
9 (RLIN) 59911
245 ## - TITLE STATEMENT
Title Using simple interactions to improve pedagogy in a cross-aged leadership program /
Statement of responsibility, etc. Micheal A. Hemphill and Tom Martinek.
260 ## - PUBLICATION, DISTRIBUTION, ETC. (IMPRINT)
Place of publication, distribution, etc. Champaign, Illinois ;
Name of publisher, distributor, etc. Human Kinetics, Inc. ,
Date of publication, distribution, etc. January 2020.
300 ## - PHYSICAL DESCRIPTION
Extent Volume 39, pages 126-130 :
Other physical details illustration ;
Dimensions 28 cm.
500 ## - GENERAL NOTE
General note Journal of Teaching in Physical Education, vol. 39, no. 1, pages 126-130, January 2020.
650 #0 - SUBJECT ADDED ENTRY--TOPICAL TERM
Topical term or geographic name as entry element Altruism.
9 (RLIN) 40977
650 #0 - SUBJECT ADDED ENTRY--TOPICAL TERM
Topical term or geographic name as entry element Interpersonal competence.
9 (RLIN) 67095
650 #0 - SUBJECT ADDED ENTRY--TOPICAL TERM
Topical term or geographic name as entry element Cross age teaching.
9 (RLIN) 67096
700 ## - ADDED ENTRY--PERSONAL NAME
Personal name Hemphill, Micheal A.
Relator term author.
9 (RLIN) 59911
700 ## - ADDED ENTRY--PERSONAL NAME
Personal name Martinek, Tom.
Relator term author.
9 (RLIN) 59912
942 ## - ADDED ENTRY ELEMENTS (KOHA)
Source of classification or shelving scheme Dewey Decimal Classification
Koha item type Periodicals
Holdings
Withdrawn status Lost status Source of classification or shelving scheme Damaged status Not for loan Collection code Home library Current library Date acquired Total Checkouts Full call number Date last seen Price effective from Koha item type Public note
    Dewey Decimal Classification     Periodicals UM Digos College - LIC UM Digos College - LIC 09/03/2024   DPer 796.07 J826 July-October 2019 January-April 2020 v. 38, 39 n. 3-4, 1-2 09/03/2024 09/03/2024 Periodicals Periodical Article